Proletarización del indígena Bocatoreño. Relación entre el indio Guaymie y la bananera

Shranjeno v:
Bibliografske podrobnosti
Glavni avtor: Cabarrus, Carlos Rafael
Format: Texto
Izdano: San José: ACAS-CEDAL
Oznake: Označite
Brez oznak, prvi označite!

MARC

LEADER 00000 a a2200000 04500
001 17595
003
040 |a CRAI/IIS  |c CRAI/IIS 
090 |a 002900  
100 |a Cabarrus, Carlos Rafael  
245 |a Proletarización del indígena Bocatoreño. Relación entre el indio Guaymie y la bananera  
260 |a San José:   |b ACAS-CEDAL  
300 |a 16 p.  
999 |c 12670  |d 12670